[Event "Mediterranean-ch 13th"]
[Site "Platja d'Aro"]
[Date "2023.11.10"]
[Round "8"]
[White "Ayats Llobera, Gerard"]
[Black "Domene Mulyukov, Alexander"]
[Result "1-0"]
[WhiteElo "2421"]
[BlackElo "2198"]
[PlyCount "73"]
[EventDate "2023.11.04"]
[EventType "swiss"]
[EventRounds "9"]
[EventCountry "ESP"]
[SourceTitle "CB46_2023"]
[SourceDate "2023.11.15"]
[SourceVersion "1"]
[SourceVersionDate "2023.11.15"]
[SourceQuality "1"]

1. e4 d5 2. exd5 Qxd5 3. Nc3 Qa5 4. d4 Nf6 5. Nf3 Nc6 6. h3 a6 7. Bd2 Qb6 8. Na4 Qa7 9. c4 Nxd4 10. Be3 Nxf3+ 11. Qxf3 Qb8 12. 0-0-0 Bd7 13. Nc3 e6 14. Be2 Bd6 15. Bd3 Bc6 16. Ne4 Nxe4 17. Bxe4 Bxe4 18. Qxe4 0-0 19. c5 Be7 20. Rd7 Bf6 21. Rhd1 c6 22. g4 Qc8 23. g5 Rd8 24. Qd3 Be7 25. h4 Rxd7 26. Qxd7 Qf8 27. b4 a5 28. Qxb7 axb4 29. Kb2 Rb8 30. Qxc6 Rc8 31. Qb5 h6 32. c6 hxg5 33. hxg5 Qe8 34. Rd7 Rd8 35. Qb7 Rxd7 36. cxd7 Qf8 37. Qc8 1-0

[Event "Mediterranean-ch 13th"]
[Site "Platja d'Aro"]
[Date "2023.11.04"]
[Round "1"]
[White "Domene Mulyukov, Alexander"]
[Black "Lunin Bohomolets, Iliia"]
[Result "1-0"]
[WhiteElo "2198"]
[BlackElo "1718"]
[PlyCount "35"]
[EventDate "2023.11.04"]
[EventType "swiss"]
[EventRounds "9"]
[EventCountry "ESP"]
[SourceTitle "CB46_2023"]
[SourceDate "2023.11.15"]
[SourceVersion "1"]
[SourceVersionDate "2023.11.15"]
[SourceQuality "1"]

1. g3 Nf6 2. Bg2 e6 3. Nf3 c5 4. c4 Nc6 5. 0-0 Be7 6. Nc3 0-0 7. d4 d5 8. cxd5 Nxd5 9. Nxd5 Qxd5 10. Be3 Qf5 11. dxc5 Bxc5 12. g4 Qxg4 13. Bxc5 Rd8 14. Qc1 Rd5 15. Rd1 Rh5 16. b4 Qg6 17. Qb1 f5 18. b5 1-0

[Event "El Vendrell op 3rd"]
[Site "El Vendrell"]
[Date "2023.07.15"]
[Round "3"]
[White "Domene Mulyukov, Alexander"]
[Black "Aloma Vidal, Roberto"]
[Result "0-1"]
[WhiteElo "2196"]
[BlackElo "2464"]
[PlyCount "106"]
[EventDate "2023.07.15"]
[EventType "swiss (rapid)"]
[EventRounds "9"]
[EventCountry "ESP"]
[SourceTitle "CBM 215 Extra"]
[Source "ChessBase"]
[SourceDate "2023.09.30"]
[SourceVersion "1"]
[SourceVersionDate "2023.09.30"]
[SourceQuality "1"]

1. e4 e6 2. Qe2 c5 3. Nf3 Nc6 4. g3 g6 5. h4 h6 6. Bg2 Bg7 7. 0-0 Nge7 8. c3 e5 9. Na3 0-0 10. Nc2 d5 11. exd5 Nxd5 12. d3 Bf5 13. Rd1 Re8 14. Ne3 Be6 15. Nxd5 Bxd5 16. Be3 Nd4 17. Bxd4 exd4 18. Qd2 dxc3 19. bxc3 Qf6 20. Nh2 Bxg2 21. Kxg2 Qxc3 22. Qxc3 Bxc3 23. Rac1 Bb4 24. Rc2 Rad8 25. Ng4 Kg7 26. Ne3 b5 27. a3 Bxa3 28. Ra2 Bb4 29. Rxa7 Bc3 30. h5 Bd4 31. hxg6 Kxg6 32. Kf3 Re6 33. g4 Rf6+ 34. Ke2 Re8 35. Rb7 b4 36. Rg1 Rxf2+ 37. Kxf2 Bxe3+ 38. Kg2 Bxg1 39. Kxg1 Rd8 40. Rb6+ f6 41. Rb5 Rxd3 42. Rxc5 Rg3+ 43. Kf2 Rxg4 44. Kf3 h5 45. Rb5 Rc4 46. Kg3 f5 47. Rb8 h4+ 48. Kh3 Kg5 49. Rg8+ Kf4 50. Kxh4 Rc6 51. Kh3 Rb6 52. Rg1 b3 53. Rb1 Kf3 0-1

[Event "El Vendrell op 3rd"]
[Site "El Vendrell"]
[Date "2023.07.15"]
[Round "9"]
[White "Domene Mulyukov, Alexander"]
[Black "Munoz Pantoja, Miguel Angel"]
[Result "0-1"]
[WhiteElo "2196"]
[BlackElo "2438"]
[PlyCount "76"]
[EventDate "2023.07.15"]
[EventType "swiss (rapid)"]
[EventRounds "9"]
[EventCountry "ESP"]
[SourceTitle "CBM 215 Extra"]
[Source "ChessBase"]
[SourceDate "2023.09.30"]
[SourceVersion "1"]
[SourceVersionDate "2023.09.30"]
[SourceQuality "1"]

1. e4 d5 2. exd5 Qxd5 3. Nc3 Qa5 4. d4 Nf6 5. Bc4 Bg4 6. f3 Bd7 7. d5 b5 8. Bb3 c5 9. dxc6 Bxc6 10. Nh3 e6 11. 0-0 Bc5+ 12. Kh1 0-0 13. Qe1 Nbd7 14. Nf4 Rfe8 15. Nd3 Bd6 16. a4 b4 17. Ne2 Bd5 18. Nd4 Bxb3 19. Nxb3 Qh5 20. Bf4 e5 21. Bg3 e4 22. Bxd6 exd3 23. Qd1 dxc2 24. Qxc2 a5 25. Rad1 Nb6 26. Bc5 Rac8 27. Qf2 Nxa4 28. Bd4 Re6 29. Ra1 Qb5 30. Rfe1 Qd5 31. Rxe6 fxe6 32. Nd2 e5 33. Be3 Nxb2 34. h3 Rc2 35. Qe2 Nc4 36. Rd1 b3 37. Nxb3 Rxe2 38. Rxd5 Nxd5 0-1

[Event "El Vendrell op 3rd"]
[Site "El Vendrell"]
[Date "2023.07.15"]
[Round "8"]
[White "Vinuesa Sorli, Ruben"]
[Black "Domene Mulyukov, Alexander"]
[Result "0-1"]
[WhiteElo "2042"]
[BlackElo "2196"]
[PlyCount "130"]
[EventDate "2023.07.15"]
[EventType "swiss (rapid)"]
[EventRounds "9"]
[EventCountry "ESP"]
[SourceTitle "CBM 215 Extra"]
[Source "ChessBase"]
[SourceDate "2023.09.30"]
[SourceVersion "1"]
[SourceVersionDate "2023.09.30"]
[SourceQuality "1"]

1. e4 c5 2. Nf3 e6 3. d4 cxd4 4. Nxd4 Nf6 5. Nc3 Nc6 6. Ndb5 Bc5 7. Bf4 0-0 8. Bc7 Qe7 9. Bd6 Bxd6 10. Qxd6 Qd8 11. 0-0-0 a6 12. Nd4 Ne7 13. Be2 b5 14. Bf3 Bb7 15. Rhe1 Ne8 16. Qg3 b4 17. Nce2 Qa5 18. Kb1 e5 19. Nb3 Qb5 20. Nec1 d6 21. Be2 Qb6 22. f4 f6 23. Bc4+ Kh8 24. Qd3 a5 25. Re3 a4 26. Nd2 Ng6 27. f5 Nf4 28. Qf1 Qxe3 29. g3 d5 30. Bb5 Nh5 31. Qh3 Nd6 32. Be2 Nf4 33. Nf1 Qxc1+ 34. Kxc1 Nxh3 35. exd5 Nf2 36. Re1 Nxf5 37. g4 Nd4 38. Bc4 Nxg4 39. h3 Nh6 40. c3 bxc3 41. bxc3 Rac8 42. Nd2 Nf3 43. Nxf3 Rxc4 44. Kb2 Bxd5 45. Nd2 Rb8+ 46. Kc2 Rc7 47. Rf1 Bxa2 48. Ra1 Bb3+ 49. Nxb3 axb3+ 50. Kb2 Nf5 51. Ra4 h5 52. Re4 Nd6 53. Rh4 g6 54. Ra4 Nc4+ 55. Kb1 b2 56. Rb4 Rxb4 57. cxb4 Rb7 58. h4 Rxb4 59. Kc2 Na3+ 60. Kd2 Rxh4 61. Ke3 b1Q 62. Kf2 Qb3 63. Kg2 Rc4 64. Kf2 Rc2+ 65. Ke1 Qb1# 0-1

[Event "Torredembarra op 23rd"]
[Site "Torredembarra"]
[Date "2023.07.05"]
[Round "5"]
[White "Domene Mulyukov, Alexander"]
[Black "Aloma Vidal, Roberto"]
[Result "1-0"]
[WhiteElo "2232"]
[BlackElo "2446"]
[PlyCount "71"]
[EventDate "2023.07.01"]
[EventType "swiss"]
[EventRounds "9"]
[EventCountry "ESP"]
[SourceTitle "CBM 215 Extra"]
[Source "ChessBase"]
[SourceDate "2023.09.30"]
[SourceVersion "1"]
[SourceVersionDate "2023.09.30"]
[SourceQuality "1"]

1. e4 g6 2. d4 d6 3. Nc3 c6 4. Bc4 Nf6 5. Bb3 Bg7 6. Nf3 0-0 7. 0-0 Bg4 8. Re1 Nbd7 9. e5 dxe5 10. dxe5 Ne8 11. e6 fxe6 12. h3 Bxf3 13. Bxe6+ Kh8 14. Qxd7 Bxc3 15. Qxd8 Rxd8 16. bxc3 Bd5 17. Bh6 Ng7 18. Bxd5 Rxd5 19. Rxe7 Rg8 20. Rxb7 Nf5 21. Bg5 Rf8 22. Rxa7 h6 23. Bf4 g5 24. Bc7 Re8 25. Ra5 c5 26. c4 Rd2 27. Rxc5 Nh4 28. Rb1 Rxc2 29. a4 Ra2 30. a5 Kg8 31. Rb8 Kf7 32. Rxe8 Kxe8 33. Bb6 Kd7 34. Rc7+ Kd6 35. c5+ Kd5 36. Rd7+ 1-0

[Event "ESP-ch U14"]
[Site "Salobrena"]
[Date "2022.07.18"]
[Round "2"]
[White "Hervada Serrano, Dario"]
[Black "Domene Mulyukov, Alexander"]
[Result "1-0"]
[WhiteElo "1708"]
[BlackElo "2251"]
[PlyCount "119"]
[EventDate "2022.07.18"]
[EventType "swiss"]
[EventRounds "9"]
[EventCountry "ESP"]
[SourceTitle "EXT 2023"]
[Source "ChessBase"]
[SourceDate "2022.10.05"]
[SourceVersion "1"]
[SourceVersionDate "2022.10.05"]
[SourceQuality "1"]

1. e4 c5 2. Nf3 d6 3. d4 cxd4 4. Nxd4 Nf6 5. Nc3 Nc6 6. Be2 e5 7. Ndb5 a6 8. Na3 b5 9. Nd5 Nxd5 10. exd5 Ne7 11. 0-0 Ng6 12. c4 b4 13. Nc2 a5 14. b3 Be7 15. Ne1 Bg5 16. Nd3 e4 17. Ne1 Bf4 18. Nc2 Be5 19. Rb1 Qh4 20. g3 Qf6 21. f4 Bc3 22. Be3 Bh3 23. Rf2 Ne7 24. c5 0-0 25. c6 Qf5 26. Bc4 Bg4 27. Qf1 Nxd5 28. Bd4 e3 29. Bxe3 Rfe8 30. Bd4 Bxd4 31. Nxd4 Qe4 32. Nb5 Ne3 33. Nxd6 Qxc6 34. Bxf7+ Kf8 35. Qd3 Red8 36. Qxe3 Qxd6 37. Bc4 Re8 38. Rd2 Qg6 39. Qc5+ Re7 40. Re1 Qf6 41. Rxe7 Qxe7 42. Qd5 Qe3+ 43. Rf2 Rc8 44. Qg8+ Ke7 45. Qxg7+ Kd6 46. Qxg4 Re8 47. Qd1+ Kc7 48. Qc2 Re7 49. Bb5+ Kb8 50. Qd2 Qb6 51. Bc4 h5 52. Qd5 Ka7 53. Qxh5 Re1+ 54. Kg2 Re7 55. Qb5 Qc7 56. Qa6+ Kb8 57. Bd5 Qc5 58. Qa8+ Kc7 59. Bf3 Kb6 60. Qg8 1-0

[Event "Torredembarra op 22nd"]
[Site "Torredembarra"]
[Date "2022.07.10"]
[Round "9"]
[White "Domene Mulyukov, Alexander"]
[Black "Martin Barcelo, Carles"]
[Result "1/2-1/2"]
[WhiteElo "2251"]
[BlackElo "2221"]
[PlyCount "48"]
[EventDate "2022.07.02"]
[EventType "swiss"]
[EventRounds "9"]
[EventCountry "ESP"]
[SourceTitle "EXT 2023"]
[Source "ChessBase"]
[SourceDate "2022.10.05"]
[SourceVersion "1"]
[SourceVersionDate "2022.10.05"]
[SourceQuality "1"]

1. e4 c6 2. d4 d5 3. e5 c5 4. dxc5 e6 5. Qg4 h5 6. Qg3 Nc6 7. c3 h4 8. Qf4 Bxc5 9. Nf3 f5 10. Bd3 Nh6 11. h3 Nf7 12. 0-0 Bd7 13. Re1 Be7 14. Qd2 Qc7 15. Qe2 0-0-0 16. b4 Kb8 17. Ba3 Bc8 18. b5 Na5 19. b6 axb6 20. Bxe7 Qxe7 21. Nbd2 Nc6 22. a4 g5 23. a5 bxa5 24. Bb5 g4 1/2-1/2

[Event "Catalunya-chT Relegation"]
[Site "Barcelona"]
[Date "2022.04.02"]
[Round "2.7"]
[White "Domene Mulyukov, Alexander"]
[Black "Garcia Paolicchi, Raul"]
[Result "1-0"]
[WhiteElo "2323"]
[BlackElo "2123"]
[PlyCount "41"]
[EventDate "2022.03.26"]
[EventType "team-tourn"]
[EventRounds "2"]
[EventCountry "ESP"]
[SourceTitle "CBM 208 Extra"]
[Source "ChessBase"]
[SourceDate "2022.07.31"]
[SourceVersion "1"]
[SourceVersionDate "2022.07.31"]
[SourceQuality "1"]
[WhiteTeam "Salauris"]
[BlackTeam "Geva CEA"]
[WhiteTeamCountry "ESP"]
[BlackTeamCountry "ESP"]

1. e4 c6 2. d4 d5 3. e5 c5 4. dxc5 e6 5. Qg4 h5 6. Qg3 g6 7. Bg5 Qa5+ 8. c3 Qxc5 9. Nf3 Bg7 10. Bd3 Bd7 11. Nbd2 Nc6 12. 0-0 Nge7 13. Rac1 Qb6 14. b4 Nf5 15. Qf4 0-0 16. h3 Rae8 17. b5 Na5 18. g4 Ne7 19. Bf6 h4 20. Qg5 Nc8 21. Qxh4 1-0

[Event "Catalunya-chT Relegation"]
[Site "Barcelona"]
[Date "2022.03.26"]
[Round "1.7"]
[White "Ribera Veganzones, Serni"]
[Black "Domene Mulyukov, Alexander"]
[Result "1-0"]
[WhiteElo "2155"]
[BlackElo "2323"]
[PlyCount "135"]
[EventDate "2022.03.26"]
[EventType "team-tourn"]
[EventRounds "2"]
[EventCountry "ESP"]
[SourceTitle "CBM 208 Extra"]
[Source "ChessBase"]
[SourceDate "2022.07.31"]
[SourceVersion "1"]
[SourceVersionDate "2022.07.31"]
[SourceQuality "1"]
[WhiteTeam "Geva CEA"]
[BlackTeam "Salauris"]
[WhiteTeamCountry "ESP"]
[BlackTeamCountry "ESP"]

1. e4 c5 2. Nf3 e6 3. d4 cxd4 4. Nxd4 Nf6 5. Nc3 Nc6 6. Ndb5 Bc5 7. Bf4 0-0 8. Bc7 Qe7 9. Bd6 Bxd6 10. Qxd6 Ne8 11. Qxe7 Nxe7 12. 0-0-0 a6 13. Nd6 Nxd6 14. Rxd6 b5 15. a4 b4 16. Na2 a5 17. Bb5 Ra7 18. Rhd1 Nc6 19. Kb1 f6 20. Bxc6 dxc6 21. Rxc6 Bd7 22. Rcd6 Bxa4 23. b3 Be8 24. Rxe6 Bf7 25. Rb6 Bg6 26. f3 Re8 27. g4 Bf7 28. Kb2 h5 29. h3 hxg4 30. hxg4 Be6 31. Rdd6 Kf7 32. Ra6 Rea8 33. Rab6 Re7 34. Nc1 Rh8 35. Nd3 Rh2 36. Nc5 Bc8 37. Rbc6 Bb7 38. Rb6 Bc8 39. Rdc6 Bd7 40. Rc7 Be8 41. Rbb7 Rxc7 42. Rxc7+ Kg8 43. Nb7 Bg6 44. Rd7 Rf2 45. Rd3 Be8 46. Nxa5 Bb5 47. Nc4 Kf8 48. Kc1 Ke7 49. c3 bxc3 50. Rxc3 g6 51. Nd2 Ke6 52. Kc2 Be2 53. b4 f5 54. Rc6+ Kf7 55. gxf5 gxf5 56. Rc5 fxe4 57. fxe4 Ke6 58. b5 Kd6 59. Rd5+ Kc7 60. Kc3 Kb6 61. Nc4+ Kc7 62. Kd4 Rh2 63. Kc5 Bf3 64. b6+ Kc8 65. Nd6+ Kd7 66. Nc4+ Kc8 67. Rf5 Bh1 68. Rf8+ 1-0

[Event "Catalunya-chT Gp2"]
[Site "Barcelona"]
[Date "2022.02.26"]
[Round "6.5"]
[White "Gonzalez Rodriguez, Jorge Armando"]
[Black "Domene Mulyukov, Alexander"]
[Result "1-0"]
[WhiteElo "2253"]
[BlackElo "2171"]
[PlyCount "132"]
[EventDate "2022.01.22"]
[EventType "team-tourn"]
[EventRounds "9"]
[EventCountry "ESP"]
[SourceTitle "CBM 208 Extra"]
[Source "ChessBase"]
[SourceDate "2022.07.31"]
[SourceVersion "1"]
[SourceVersionDate "2022.07.31"]
[SourceQuality "1"]
[WhiteTeam "Figueres"]
[BlackTeam "Salauris"]
[WhiteTeamCountry "ESP"]
[BlackTeamCountry "ESP"]

1. b3 Nf6 2. Bb2 g6 3. Bxf6 exf6 4. d4 Bg7 5. e3 0-0 6. g3 d5 7. Bg2 c6 8. Ne2 Be6 9. 0-0 Re8 10. Nf4 Qc8 11. Re1 g5 12. Nd3 Bg4 13. Bf3 f5 14. c4 dxc4 15. Bxg4 cxd3 16. Bh3 c5 17. Qxd3 cxd4 18. Bxf5 Qc5 19. e4 Nc6 20. Qd2 Qb4 21. a3 Qxb3 22. Qxg5 Qb2 23. Nd2 Ne5 24. Red1 Rad8 25. Qh5 h6 26. Rab1 Qxa3 27. Rxb7 Rb8 28. Rdb1 Rxb7 29. Rxb7 Qc1+ 30. Nf1 a5 31. f4 Qc6 32. Rb1 Qc2 33. Rb5 Nd3 34. Qf3 Qc3 35. e5 Nb4 36. Qxc3 dxc3 37. Rc5 a4 38. Rxc3 Ra8 39. Ra3 Bf8 40. Bd7 Ra7 41. Bxa4 Nd5 42. Rd3 Nxf4 43. gxf4 Rxa4 44. Rf3 Ra2 45. Ng3 Bc5+ 46. Kh1 Ba7 47. h4 Rc2 48. h5 Bc5 49. Ne4 Be7 50. Rf2 Rc4 51. Re2 Ra4 52. Kg2 Ra3 53. Ng3 Bf8 54. Kh3 Rb3 55. Kg4 Ra3 56. Rb2 Ra7 57. Rb8 Kh7 58. Ne4 Bg7 59. Rb6 Ra4 60. Kf5 Ra7 61. Nd6 Rd7 62. Rb7 Rxb7 63. Nxb7 Kg8 64. Ke4 Bf8 65. Nd6 Kg7 66. f5 f6 1-0

[Event "Catalunya-chT Gp2"]
[Site "Barcelona"]
[Date "2022.02.12"]
[Round "4.6"]
[White "Domene Mulyukov, Alexander"]
[Black "Minguez Rodriguez, Raul"]
[Result "1/2-1/2"]
[WhiteElo "2171"]
[BlackElo "2198"]
[PlyCount "42"]
[EventDate "2022.01.22"]
[EventType "team-tourn"]
[EventRounds "9"]
[EventCountry "ESP"]
[SourceTitle "CBM 208 Extra"]
[Source "ChessBase"]
[SourceDate "2022.07.31"]
[SourceVersion "1"]
[SourceVersionDate "2022.07.31"]
[SourceQuality "1"]
[WhiteTeam "Salauris"]
[BlackTeam "Colon Ateneu"]
[WhiteTeamCountry "ESP"]
[BlackTeamCountry "ESP"]

1. e4 e5 2. Nf3 Nc6 3. d4 exd4 4. Nxd4 Bc5 5. Nb3 Bb6 6. Nc3 Nf6 7. Qe2 0-0 8. Bg5 h6 9. Bh4 a5 10. a4 Nd4 11. Qd3 Nxb3 12. cxb3 c6 13. 0-0-0 d5 14. e5 g5 15. exf6 gxh4 16. Qf3 Qd6 17. Kb1 Bd8 18. Bd3 Qxf6 19. Qe2 Bf5 20. g3 h3 21. g4 Bg6 1/2-1/2

[Event "Sitges Sunway op 8th"]
[Site "Sitges"]
[Date "2021.12.16"]
[Round "4"]
[White "Domene Mulyukov, Alexander"]
[Black "Caglar, Sila"]
[Result "1/2-1/2"]
[WhiteElo "1946"]
[BlackElo "2255"]
[PlyCount "113"]
[EventDate "2021.12.13"]
[EventType "swiss"]
[EventRounds "10"]
[EventCountry "ESP"]
[SourceTitle "CBM 205 Extra"]
[Source "ChessBase"]
[SourceDate "2022.01.31"]
[SourceVersion "1"]
[SourceVersionDate "2022.01.31"]
[SourceQuality "1"]

1. e4 g6 2. d4 Bg7 3. Nc3 c6 4. Nf3 d6 5. a4 Nf6 6. Bc4 0-0 7. 0-0 Nbd7 8. e5 dxe5 9. dxe5 Ng4 10. e6 Nde5 11. exf7+ Nxf7 12. Qxd8 Rxd8 13. Ng5 Ngh6 14. Nce4 Bf6 15. Nc5 Bxg5 16. Bxg5 Kf8 17. Be3 Nf5 18. g4 N5d6 19. Ne6+ Bxe6 20. Bxe6 Ne4 21. f4 Rd6 22. f5 g5 23. Rae1 c5 24. b3 b6 25. Bxf7 Kxf7 26. Bf4 gxf4 27. Rxe4 Rg8 28. Rexf4 h5 29. h3 hxg4 30. hxg4 Kf6 31. R1f2 Ke5 32. Kg2 Rd1 33. Kf3 Re1 34. Rc4 Rh8 35. Re2+ Rxe2 36. Kxe2 Rh2+ 37. Kd3 Rh3+ 38. Kd2 Rh2+ 39. Kc3 Rg2 40. Kb2 Kd5 41. a5 b5 42. Rf4 Ke5 43. f6 exf6 44. Rf5+ Kd4 45. Rxf6 Rxg4 46. Rf7 b4 47. Rxa7 Kd5 48. Ra6 c4 49. bxc4+ Kxc4 50. Rb6 Rg5 51. a6 Ra5 52. Rh6 Kb5 53. Kb3 Ra3+ 54. Kb2 Rxa6 55. Rxa6 Kxa6 56. Kb3 Kb5 57. c3 1/2-1/2

[Event "ESP-ch U14"]
[Site "Salobrena"]
[Date "2021.07.15"]
[Round "6"]
[White "Vinuesa Sorli, Ruben"]
[Black "Domene Mulyukov, Alexander"]
[Result "0-1"]
[WhiteElo "1874"]
[BlackElo "1967"]
[PlyCount "56"]
[EventDate "2021.07.12"]
[EventType "swiss"]
[EventRounds "9"]
[EventCountry "ESP"]
[SourceTitle "EXT 2022"]
[Source "ChessBase"]
[SourceDate "2021.10.06"]
[SourceVersion "1"]
[SourceVersionDate "2021.10.06"]
[SourceQuality "1"]

1. e4 c5 2. Nf3 e6 3. d4 cxd4 4. Nxd4 Nf6 5. Nc3 Nc6 6. Ndb5 Bc5 7. Bf4 0-0 8. Bd6 Qb6 9. Bxc5 Qxc5 10. Qd2 a6 11. Nd6 b5 12. h3 b4 13. Ne2 Qe5 14. f4 Qxb2 15. Rd1 Qxa2 16. g4 Ne8 17. Nxe8 Rxe8 18. f5 Qb2 19. Bg2 a5 20. 0-0 Qe5 21. f6 Ba6 22. Rf2 a4 23. Ng3 a3 24. fxg7 Qxg3 25. Qh6 Qe5 26. Rxf7 Kxf7 27. Qxh7 Qxg7 28. Rf1+ Bxf1 0-1

[Event "ESP-ch U14"]
[Site "Salobrena"]
[Date "2021.07.13"]
[Round "3"]
[White "Domene Mulyukov, Alexander"]
[Black "Munoz Valles, Jorge"]
[Result "1-0"]
[WhiteElo "1967"]
[BlackElo "1750"]
[PlyCount "139"]
[EventDate "2021.07.12"]
[EventType "swiss"]
[EventRounds "9"]
[EventCountry "ESP"]
[SourceTitle "EXT 2022"]
[Source "ChessBase"]
[SourceDate "2021.10.06"]
[SourceVersion "1"]
[SourceVersionDate "2021.10.06"]
[SourceQuality "1"]

1. e4 d6 2. d4 Nf6 3. Nc3 e5 4. Nf3 Nbd7 5. Rg1 c6 6. g4 h6 7. Be3 b5 8. a3 a5 9. d5 Bb7 10. dxc6 Bxc6 11. Bxb5 Bxb5 12. Nxb5 Nxe4 13. Qd5 Rb8 14. Ba7 Nef6 15. Nxd6+ Bxd6 16. Qxd6 Rxb2 17. 0-0-0 Rb7 18. Nxe5 Qc7 19. Qxc7 Rxc7 20. Nxd7 Rxd7 21. Rge1+ Re7 22. h3 Rxe1 23. Rxe1+ Kd7 24. Re5 a4 25. Ra5 h5 26. g5 Ne4 27. Be3 Nc3 28. Rc5 Ne2+ 29. Kd1 Ng1 30. h4 Rb8 31. Rc4 Rb1+ 32. Kd2 Nf3+ 33. Ke2 Ne5 34. Rxa4 Rb2 35. Kd2 Nf3+ 36. Ke2 Ne5 37. Bd4 Rxc2+ 38. Ke3 Ng4+ 39. Kd3 Rc1 40. Ke2 Rc2+ 41. Kf3 Ke6 42. Ra5 Rd2 43. Ra6+ Kf5 44. Ra5+ Ke6 45. Ke4 Re2+ 46. Kd3 Re1 47. Ra8 Rd1+ 48. Ke4 Re1+ 49. Kf4 Rd1 50. Bxg7 Nxf2 51. Re8+ Kd7 52. Rh8 Rd3 53. Bf8 Nh3+ 54. Ke5 Re3+ 55. Kd4 Re1 56. Bb4 Rd1+ 57. Ke5 Rf1 58. Rh7 Rf2 59. g6 Re2+ 60. Kd4 Kc6 61. gxf7 Nf4 62. Rh6+ Kb5 63. f8Q Ne6+ 64. Rxe6 Rxe6 65. Qf5+ Ka4 66. Qxe6 Kb5 67. Qd7+ Ka6 68. Qc6+ Ka7 69. Bc5+ Kb8 70. Qd7 1-0

[Event "ESP-ch U14"]
[Site "Salobrena"]
[Date "2021.07.12"]
[Round "1"]
[White "Domene Mulyukov, Alexander"]
[Black "Cereijo Suarez, Nerea"]
[Result "1-0"]
[WhiteElo "1967"]
[BlackElo "1478"]
[PlyCount "117"]
[EventDate "2021.07.12"]
[EventType "swiss"]
[EventRounds "9"]
[EventCountry "ESP"]
[SourceTitle "EXT 2022"]
[Source "ChessBase"]
[SourceDate "2021.10.06"]
[SourceVersion "1"]
[SourceVersionDate "2021.10.06"]
[SourceQuality "1"]

1. e4 e6 2. d3 d5 3. Nd2 Nf6 4. Ngf3 dxe4 5. dxe4 Bc5 6. Bd3 Nc6 7. 0-0 e5 8. Qe2 0-0 9. Nc4 Bg4 10. c3 a5 11. h3 Bh5 12. Bc2 a4 13. g4 Nxg4 14. hxg4 Bxg4 15. Ne3 Bxe3 16. Qxe3 f5 17. exf5 Bxf5 18. Bxf5 Rxf5 19. Ng5 h6 20. Ne4 Qh4 21. Ng3 Qg4 22. Qe4 Qxe4 23. Nxe4 Ne7 24. Be3 Nd5 25. Rad1 Nf4 26. Bxf4 exf4 27. f3 Ra6 28. Kf2 Rb6 29. Rd2 Rfb5 30. Rb1 Rh5 31. Ke2 Re5 32. Kd1 h5 33. Kc2 h4 34. Rh1 Rh5 35. Nf2 Re6 36. Nh3 Rf5 37. Rg1 Re3 38. Rd8+ Rf8 39. Rxf8+ Kxf8 40. Nxf4 Rxf3 41. Ng6+ Kg8 42. Nxh4 Rf2+ 43. Kc1 a3 44. Rg2 axb2+ 45. Kb1 Rf4 46. Ng6 Rf6 47. Kxb2 Rb6+ 48. Kc2 Kf7 49. Ne5+ Ke6 50. Nc4 Rb5 51. Rxg7 Rc5 52. Kb3 Rb5+ 53. Ka3 c6 54. Nd2 Ra5+ 55. Kb2 Rb5+ 56. Nb3 c5 57. c4 Rb4 58. Kc3 b6 59. Ra7 1-0

[Event "Salou Salauris op 1st"]
[Site "Salou"]
[Date "2021.06.26"]
[Round "3"]
[White "Domene Mulyukov, Alexander"]
[Black "Barberans Sola, Sebastian"]
[Result "1-0"]
[WhiteElo "2011"]
[BlackElo "1869"]
[PlyCount "73"]
[EventDate "2021.06.25"]
[EventType "swiss"]
[EventRounds "7"]
[EventCountry "ESP"]
[SourceTitle "CBM 203 Extra"]
[Source "ChessBase"]
[SourceDate "2021.09.30"]
[SourceVersion "1"]
[SourceVersionDate "2021.09.30"]
[SourceQuality "1"]

1. e4 e6 2. Qe2 c5 3. Nf3 Nc6 4. g3 Nd4 5. Nxd4 cxd4 6. Bg2 e5 7. 0-0 Nf6 8. f4 d6 9. d3 Be7 10. f5 h5 11. Nd2 Bd7 12. a4 Qc7 13. Nc4 0-0-0 14. c3 dxc3 15. Be3 Kb8 16. h3 b6 17. Qf2 Bc6 18. Nxb6 d5 19. exd5 Nxd5 20. Nxd5 Bxd5 21. bxc3 Bxg2 22. Qxg2 Bc5 23. Rab1+ Kc8 24. Bxc5 Qxc5+ 25. d4 Qd5 26. dxe5 Qxg2+ 27. Kxg2 Rhe8 28. Rb5 Rd2+ 29. Rf2 Red8 30. Rc5+ Kb7 31. Rxd2 Rxd2+ 32. Kf3 Kb6 33. Rc4 Rd7 34. Kf4 Re7 35. g4 hxg4 36. hxg4 g5+ 37. Kxg5 1-0